Catalog

Record Details

Catalog Search



Welcome to the Rabbit Residence : a seek-and-find ... Read More

Nohana, Haruka, 1989-(author,, illustrator., Author, Illustrator, Author, Author).

Available copies

  • 2 of 2 copies available at LARL/NWRL Consortium.
  • 2 of 2 copies available at Lake Agassiz Regional Library. (Show preferred library)

Current holds

0 current holds with 2 total copies.

Show Only Available Copies
Location Call Number / Copy Notes Barcode Shelving Location Status Due Date
Frazee LINK Site E N (Text) 33500014374185 New Available -
Moorhead Public Library E N (Text) 33500014374193 New Available -

Record details

  • ISBN: 9781797236483
  • ISBN: 1797236482
  • Physical Description: 44 pages : chiefly illustrations (colour) ; 28 cm
  • Publisher: San Francisco : Chronicle Books, 2026.

Content descriptions

General Note:
"Originally published in Japan in 2016 by Kumon Publishing Co., Ltd. under the title Usagi Manshon ... Read More
Summary, etc.:
The rabbits of Rabbit Residence, a five-story ... Read More
Target Audience Note:
Ages 3 to 5 Chronicle Books.
Grades K-1 Chronicle Books.
Subject: Rabbits > Juvenile literature.
Apartment houses > Juvenile literature.
Picture puzzles.
Rabbits > Fiction.
Dwellings > Fiction.
Apartment houses > Fiction.
Moving (Households) > Fiction.
JUVENILE FICTION / General.
Genre: Children's stories > Pictorial works.
Picture puzzles.
Picture books.
LDR 03473cam a22007218i 4500
001486553
003LARL_NWRL_CONSORTIUM
00520260511143816.0
008250516s2026 cau b 000 0 eng
007t|
010 . ‡a 2025019953
040 . ‡aDLC ‡beng ‡erda ‡cDLC ‡dIG# ‡dOCLCO ‡dBDX ‡dTOH ‡dUKMGB ‡dOCLCO ‡dOCO ‡dOCLCO
015 . ‡aGBC6020056 ‡2bnb
0167 . ‡a300683027 ‡2Uk
020 . ‡a9781797236483 ‡q(hardcover)
020 . ‡a1797236482 ‡q(hardcover)
0248 . ‡aCIPO000341157
035 . ‡a(OCoLC)1522761931
0411 . ‡aeng ‡hjpn
042 . ‡apcc
08200. ‡a[E] ‡223/eng/20250516
1001 . ‡aNohana, Haruka, ‡d1989- ‡eauthor, ‡eillustrator. ‡4aut ‡4ill ‡4http://id.loc.gov/vocabulary/relators/aut ‡4http://id.loc.gov/vocabulary/relators/ill ‡1https://id.oclc.org/worldcat/entity/E39PCjvP674FqM3drfPwR3Rjbq
24010. ‡aUsagi manshon. ‡lEnglish ‡1http://id.loc.gov/resources/hubs/2400dcd5-f759-0b54-8e4f-58acf1979c63
24510. ‡aWelcome to the Rabbit Residence : ‡ba seek-and-find story / ‡cHaluka Nohana.
264 1. ‡aSan Francisco : ‡bChronicle Books, ‡c2026.
300 . ‡a44 pages : ‡bchiefly illustrations (colour) ; ‡c28 cm
334 . ‡asingle unit ‡bmono ‡0http://id.loc.gov/vocabulary/issuance/mono
336 . ‡atext ‡btxt ‡2rdacontent ‡0http://id.loc.gov/vocabulary/contentTypes/txt
336 . ‡astill image ‡bsti ‡2rdacontent ‡0http://id.loc.gov/vocabulary/contentTypes/sti
337 . ‡aunmediated ‡bn ‡2rdamedia ‡0http://id.loc.gov/vocabulary/mediaTypes/n
338 . ‡avolume ‡bnc ‡2rdacarrier ‡0http://id.loc.gov/vocabulary/carriers/nc
385 . ‡mSocial group ‡nsoc ‡aChildren in street situations ‡0http://id.loc.gov/authorities/demographicTerms/dg2022060241
500 . ‡a"Originally published in Japan in 2016 by Kumon Publishing Co., Ltd. under the title Usagi Manshon by Haluka Nohana."--Copyright page.
520 . ‡aThe rabbits of Rabbit Residence, a five-story apartment building with twenty-five homes, go through their day while a new rabbit family moves into an empty apartment.
521 . ‡aAges 3 to 5 ‡bChronicle Books.
521 . ‡aGrades K-1 ‡bChronicle Books.
650 0. ‡aRabbits ‡vJuvenile literature. ‡0(LARL_NWRL_CONSORTIUM)166997
650 0. ‡aApartment houses ‡vJuvenile literature.
650 1. ‡aPicture puzzles. ‡0(LARL_NWRL_CONSORTIUM)28204
650 1. ‡aRabbits ‡vFiction.
650 1. ‡aDwellings ‡vFiction. ‡0(LARL_NWRL_CONSORTIUM)164637
650 1. ‡aApartment houses ‡vFiction. ‡0(LARL_NWRL_CONSORTIUM)163329
650 1. ‡aMoving (Households) ‡vFiction.
650 7. ‡aJUVENILE FICTION / General. ‡2bisacsh
655 7. ‡aChildren's stories ‡vPictorial works. ‡2gsafd
655 7. ‡aPicture puzzles. ‡2lcgft
655 7. ‡aPicture books. ‡2lcgft
758 . ‡1http://id.loc.gov/resources/instances/24207655
758 . ‡4http://id.loc.gov/ontologies/bibframe/instanceOf ‡1http://id.loc.gov/resources/works/24207655
884 . ‡aDLC bibframe2marc v2.10-dev ‡g20250516 ‡qDLC ‡uhttps://github.com/lcnetdev/bibframe2marc/releases/tag/v2.10-dev
905 . ‡uvanderl
901 . ‡a486553 ‡bAUTOGEN ‡c486553 ‡tbiblio ‡soclc

Additional Resources